00513 2200193 4500001002100000005001500021035002000036245007000056100002300126250001700149300003200166700001900198260003500217082000800252084001400260020002200274650001000296500001300306INLIS00000000000053920240820082243 a0010-08240000571 aMahkota Dewa dan Manfaatnya /cNur Dyah Naharsari, Firman Wahyudi0 aNur Dyah Naharsari aCetakan Ke-1 aiv, 36 hlm :bIlus ;c21 cm0 aFirman Wahyudi aJakarta :bGaneca Exact,c2007 a500 a500 NUR m a978-979-571-472-9 4aSains aSeri PKK